| 000 | 00996nam a2200265Ia 4500 | ||
|---|---|---|---|
| 003 | OSt | ||
| 005 | 20221005105209.0 | ||
| 006 | a|||||r|||| 00| 0 | ||
| 007 | ta | ||
| 008 | 221004b |||||||| |||| 00| 0 hin d | ||
| 020 | _a9788179755761 (hbk) | ||
| 024 | _a22963 | ||
| 037 |
_bGift, 03/11/2015, _cTextual |
||
| 040 |
_aCRL _cCRL _bhin |
||
| 041 |
_2hin _ahin |
||
| 082 | _aO152,1:g(Y15), Q5 | ||
| 100 | _aपूनम कुमारी | ||
| 245 | 0 | _aमध्यकालिन हिन्दी काव्य का स्त्री पक्ष | |
| 246 | _aMadhyakālin hindī kāvya kā strī pakṣha | ||
| 260 |
_aनई दिल्ली _bअनामिका पब्लिशर्स ीज्ञज्ञश्रत् _c2015 |
||
| 300 |
_a141पृ0 _ccm. |
||
| 650 | _aहिन्दी साहित्य | ||
| 942 |
_hO152,1:g(Y15), Q5 _cTEXL _2cc |
||
| 999 |
_c1015075 _d1015075 |
||